Професионална патология (Запис номер 57437)
[ съкратено ]
| 000 -Лидер | |
|---|---|
| Контролно поле с фиксирана дължина | nam a22 a 4500 |
| 003 - Код на организацията, давaща контролен номер | |
| Контролно поле | BLK |
| 005 - Дата и час на последна редакция | |
| Контролно поле | 20220328163734.0 |
| 008 - Елементи от данни с фиксирана дължина | |
| fixed length control field | 180408b bul|||||r ||||||| ||bul|| |
| 010 ## - Наследен системен номер | |
| LC control number | KNG00061440000 |
| 040 ## - Източник на каталожния запис | |
| Идентификатор на билиотеката - собственик на записа | BLK |
| 041 ## - Код за език | |
| Код за езика на текст/звукозапис или на отделно заглавие | Български |
| Код за езика КДБФ | Български |
| 080 ## - УДК | |
| Текстов определител УДК | Професионални болести. Общи въпроси |
| УДК код - определител по УДК | 613.62 |
| УДК - код + определител | 613.62 |
| 080 ## - УДК | |
| Текстов определител УДК | Патология. Клинична медицина |
| УДК код - определител по УДК | 616 |
| УДК определител | -057 |
| УДК - код + определител | 616-057 |
| 139 ## - Редно поле | |
| Редна дума | Професионална патология |
| Авторски знак | Прот - П 92 |
| 245 10 - Сведения за заглавието | |
| Заглавие | Професионална патология |
| Подзаглавни данни | Моногр. |
| Редно поле (дума) | Цветана Алексиева; ред. Цветана Алексиева; ред. Красномир Тодоров Киряков. |
| 257 ## - Страна на издаване | |
| Страна на създаване/издаване | България |
| 260 ## - Област на издателските данни | |
| Име на издателя, разпространителя и проч. | Медицина и физкултура |
| Година на издаване | 1982 |
| 300 ## - Физическа характеристика | |
| Страници | 263 с. |
| Илюстрации и др. | с ил., табл. |
| Размери/Мащаб | 25 см |
| 380 ## - Жанр | |
| Жанр | Медицина |
| 504 ## - Забележка за наличие на библиография и др | |
| Забележка за наличие на библиография и под. | Библиогр. с. 255-260 |
| 650 #4 - Допълнително описание по предмет – тема | |
| Основно описание – тема или топоним | Професионални болести |
| 9 (RLIN) | 271600 |
| 650 #4 - Допълнително описание по предмет – тема | |
| Основно описание – тема или топоним | Труд - хигиена |
| 9 (RLIN) | 262693 |
| 653 ## - Ключова дума – ненормативна | |
| Ключова дума | професионални заболявания |
| 653 ## - Ключова дума – ненормативна | |
| Ключова дума | труд |
| 653 ## - Ключова дума – ненормативна | |
| Ключова дума | хигиена на труда |
| 700 1# - Други автори (авторска отговорност) | |
| Лично име | Алексиева, Цветана Владиславова |
| Автороска отговорност (Описва отношението между автора и произведението) | ред. |
| 9 (RLIN) | 30737 |
| 700 1# - Други автори (авторска отговорност) | |
| Лично име | Киряков, Красномир Тодоров |
| Автороска отговорност (Описва отношението между автора и произведението) | ред. |
| 9 (RLIN) | 287619 |
| 852 ## - Местоположение | |
| Форматна сигнатура | Цб 114255 |
| Фондова буква | Хранилище |
| 999 ## - СИСТЕМНИ КОНТРОЛНИ НОМЕРА | |
| Koha biblionumber | 57437 |
| Koha biblioitemnumber | 57437 |
| 942 ## - АРТИКУЛИ | |
| Вид на библиотечния материал | Книги |
| Скрит в OPAC | Не |
| Периодичен библиозапис | Да |
| 944 ## - СЪЗДАВАНЕ И РЕДАКЦИЯ на ЗАПИСА | |
| Създаване/Редакция | Създаване |
| Дата на регистрацията/редакция | 13.06.2004 |
| Служител, извършил регистрацията/редакцията | Наталия_Медовщикова |
| 944 ## - СЪЗДАВАНЕ И РЕДАКЦИЯ на ЗАПИСА | |
| Създаване/Редакция | Редакция |
| Дата на регистрацията/редакция | 2022-03-28 |
| Служител, извършил регистрацията/редакцията | Кети |
| 999 ## - СИСТЕМНИ КОНТРОЛНИ НОМЕРА | |
| Koha biblioitemnumber | 57437 |
| Код за отписване | Код за изгубен артикул | Източник на класификационната схема | Код за повреда | Коз за рестрикции | Код за отдаване | Артикулен № | Име на библиотеката - собственик | Име на библиотеката, в която се намира в момента | Статус (Текущо местоположение) | Дата на вписване в системата | Местоположение - отдел | Цена в лева | Инвентарен номер | Систематично азбучна сигнатура | Баркод | Номер на екземпляра | Цена в евро | Служебна бележка | Служебен тип на артикула |
|---|---|---|---|---|---|---|---|---|---|---|---|---|---|---|---|---|---|---|---|
| Изтеглен | Не е изгубен | Universal Decimal Classification | Не е повреден | без рестрикции | ползва се в читалня | 93100 | Регионална библиотека "Любен Каравелов" Русе | Регионална библиотека "Любен Каравелов" Русе | Читалня | 1993-01-01 | Читалня | 3.56 | 352393 | Ч 613/П92 | 352393 | 1 | 1.82 | Дост: Pk Вид: Ф N: стар фонд Дата: 01.01.1982 Дата инв: 17.03.2017 Бележки инв: Ч2017 | Книги |
| Не е изгубен | Universal Decimal Classification | Не е повреден | без рестрикции | ползва се в читалня | 93101 | Регионална библиотека "Любен Каравелов" Русе | Регионална библиотека "Любен Каравелов" Русе | Хранилище | 1982-01-01 | Хранилище | 3.56 | 350543 | Цб 114255 | 900000022083 | 2 | 1.82 | Дост: Dp Вид: Д N: стар фонд Дата: 01.01.1982 | Книги |